[Event "IV Torneo B"]
[Site "Assisi ITA"]
[Date "2008.12.22"]
[Round "6"]
[White "Mazza, Daniele"]
[Black "Serafini, Gino"]
[Result "1-0"]
[WhiteElo "1765"]
[BlackElo "1863"]
[PlyCount "95"]
[EventDate "2008.12.20"]

1. e4 e6 2. d4 d5 3. Nc3 Bb4 4. e5 Bd7 5. Bd2 c5 6. a3 Bxc3 7. bxc3 Qc7 8. Nf3
Ba4 9. Bd3 b5 10. O-O Ne7 11. Re1 c4 12. Bf1 Nbc6 13. g3 h6 14. Bh3 g5 15. Rf1
O-O-O 16. Ne1 Rdg8 17. f4 gxf4 18. Rxf4 Ng6 19. Rf6 Nd8 20. Ng2 Kb8 21. Nf4
Nxe5 22. Nxd5 exd5 23. Bf4 Ndc6 24. Rxc6 Qxc6 25. Bxe5+ Kb7 26. Bxh8 Rxh8 27.
Bg2 Qe6 28. Qf3 Kc6 29. Rf1 Rh7 30. Qxd5+ Qxd5 31. Rf6+ Kc7 32. Bxd5 Bxc2 33.
Bxf7 Be4 34. Bg6 Bxg6 35. Rxg6 a5 36. Ra6 Rh8 37. g4 Rg8 38. h3 h5 39. Kf2 hxg4
40. hxg4 Kb7 41. Re6 Rxg4 42. Re1 b4 43. Kf3 Rh4 44. Kg3 Rxd4 45. cxd4 b3 46.
Kf3 b2 47. Ke3 Kc6 48. Rb1 1-0

[Event "IV Torneo B"]
[Site "Assisi ITA"]
[Date "2008.12.22"]
[Round "6"]
[White "Migliozzi, Giuseppe"]
[Black "Perogio, Lorenzo"]
[Result "1-0"]
[WhiteElo "1569"]
[BlackElo "1857"]
[PlyCount "85"]
[EventDate "2008.12.20"]

1. Nf3 Nf6 2. b3 d5 3. Bb2 h6 4. e3 Bf5 5. d3 e6 6. Be2 Nbd7 7. O-O Be7 8. Nbd2
O-O 9. Nh4 Bh7 10. Ndf3 c6 11. c4 Qa5 12. Ne5 Ba3 13. Bxa3 Qxa3 14. Nxd7 Nxd7
15. d4 Qe7 16. Nf3 Rad8 17. cxd5 exd5 18. Bd3 Be4 19. Bxe4 dxe4 20. Nd2 c5 21.
Qe2 f5 22. Rfd1 Kh8 23. Nf1 Rc8 24. Qb2 Qf6 25. Rab1 cxd4 26. Qxd4 Qxd4 27.
Rxd4 Ne5 28. Ng3 g6 29. h4 Rfd8 30. Ne2 Re8 31. Nf4 Kg7 32. Rbd1 Rc2 33. a4 Re7
34. b4 g5 35. hxg5 hxg5 36. Nh3 Kg6 37. Rd6+ Kh5 38. Rd8 Nd3 39. Rg8 g4 40.
Nf4+ Nxf4 41. exf4 Rec7 42. Rg5+ Kh4 43. g3+ 1-0

[Event "IV Torneo B"]
[Site "Assisi ITA"]
[Date "2008.12.22"]
[Round "6"]
[White "Parrini, Fabio"]
[Black "Ciuchi, Francesco"]
[Result "1-0"]
[WhiteElo "1900"]
[BlackElo "1440"]
[PlyCount "65"]
[EventDate "2008.12.20"]

1. e4 e5 2. Nf3 Nc6 3. b3 Nf6 4. d3 d6 5. Be2 Be7 6. O-O O-O 7. c4 Bg4 8. Bb2
Re8 9. Nc3 Bf8 10. Qd2 Bxf3 11. Bxf3 Nd4 12. Bd1 g6 13. f4 Bh6 14. Qe3 Ne6 15.
g3 exf4 16. gxf4 Nc5 17. Qh3 Bg7 18. b4 Ncd7 19. Bf3 c6 20. Rf2 Qb6 21. b5 Nc5
22. Rd1 Ne6 23. f5 Ng5 24. Qg3 Nxf3+ 25. Qxf3 Rf8 26. Kh1 Nd7 27. Rg1 Bd4 28.
Na4 Qa5 29. Bxd4 Qxa4 30. f6 Kh8 31. Rxg6 fxg6 32. f7+ Ne5 33. Qf6# 1-0

[Event "IV Torneo B"]
[Site "Assisi ITA"]
[Date "2008.12.22"]
[Round "6"]
[White "Vannelli, Vittorio"]
[Black "Sorbelli, Massimo"]
[Result "1-0"]
[WhiteElo "1884"]
[BlackElo "1929"]
[PlyCount "145"]
[EventDate "2008.12.20"]

1. e4 c5 2. Nf3 e6 3. d4 cxd4 4. Nxd4 Nc6 5. Be3 Nf6 6. Nc3 Bb4 7. Bd3 a6 8.
O-O Qc7 9. Nxc6 dxc6 10. Kh1 b5 11. f4 Bb7 12. e5 Nd5 13. Nxd5 cxd5 14. f5
O-O-O 15. fxe6 fxe6 16. Qg4 d4 17. Qxe6+ Kb8 18. Bg5 Rde8 19. Qg4 Qc6 20. Rf7
Rhf8 21. Raf1 Qd5 22. Rxf8 Rxf8 23. Rxf8+ Bxf8 24. e6 Bd6 25. e7 Qe5 26. Qh4
Bc6 27. Bxh7 Qe2 28. e8=Q+ Bxe8 29. Qxd4 Bc7 30. Be3 Qh5 31. Qa7+ Kc8 32. Qxa6+
Kd7 33. Bg1 Qxh7 34. Qxb5+ Kd8 35. Qd5+ Bd7 36. Qa8+ Ke7 37. Qf3 Qxc2 38. Qe3+
Be6 39. Qg5+ Kf7 40. Qh5+ g6 41. Qh7+ Ke8 42. Qh8+ Kd7 43. Qd4+ Kc8 44. a3 Qc6
45. Qc3 Qd5 46. b4 Kb7 47. a4 Qc4 48. Qe3 Bd5 49. Qa7+ Kc8 50. b5 Qe2 51. Qa6+
Kd7 52. Qxg6 Be5 53. h4 Qf1 54. h5 Be6 55. Qc2 Bd4 56. Qc6+ Ke7 57. Qc7+ Bd7
58. Qh2 Kf7 59. h6 Qxg1+ 60. Qxg1 Bxg1 61. Kxg1 Kg6 62. Kf2 Kxh6 63. Ke3 Kg5
64. Ke4 Kf6 65. Kd5 Ke7 66. b6 Kd8 67. Kd6 Bc8 68. g4 Bb7 69. g5 Kc8 70. g6 Be4
71. g7 Bh7 72. Ke7 Kb7 73. a5 1-0

[Event "IV Torneo B"]
[Site "Assisi ITA"]
[Date "2008.12.22"]
[Round "6"]
[White "Verdi, Enea"]
[Black "Vitali, Roberto"]
[Result "0-1"]
[WhiteElo "1410"]
[BlackElo "1535"]
[PlyCount "60"]
[EventDate "2008.12.20"]

1. f4 d5 2. Nf3 c5 3. d4 e6 4. b3 Nf6 5. Bb2 b6 6. e3 Ba6 7. Bxa6 Nxa6 8. a4
Be7 9. Qe2 Nb4 10. c3 Nc6 11. Qb5 Qd7 12. Nbd2 O-O 13. h3 Rfd8 14. O-O-O c4 15.
bxc4 a6 16. Qb3 Na5 17. Qa2 Rdc8 18. Ne5 Qc7 19. cxd5 Nxd5 20. Nb1 Nb4 21. Qa3
Nd3+ 22. Rxd3 Bxa3 23. Nxa3 Rab8 24. g4 Qb7 25. Rg1 f6 26. g5 fxe5 27. fxe5 b5
28. axb5 axb5 29. g6 h6 30. Kd2 Nc4+ 0-1

[Event "IV Torneo B"]
[Site "Assisi ITA"]
[Date "2008.12.23"]
[Round "7"]
[White "Cesarini, Leopoldo"]
[Black "Migliozzi, Giuseppe"]
[Result "1-0"]
[WhiteElo "1920"]
[BlackElo "1569"]
[PlyCount "107"]
[EventDate "2008.12.20"]

1. d4 Nf6 2. Nf3 d5 3. b3 e6 4. Bb2 c5 5. e3 cxd4 6. exd4 b6 7. Nbd2 Bb7 8. Bd3
Bd6 9. O-O O-O 10. c4 Na6 11. a3 Rc8 12. Qe2 Nb8 13. Ne5 Nbd7 14. Rac1 Re8 15.
Rfd1 g6 16. h3 Bf8 17. Qe3 Bg7 18. Be2 Nxe5 19. dxe5 Nd7 20. b4 Qe7 21. f4 Bh6
22. g3 Bg7 23. Bf3 h5 24. h4 f6 25. Bg2 fxe5 26. fxe5 Kh7 27. Bd4 Bh6 28. Qd3
dxc4 29. Qc3 Bxg2 30. Kxg2 Rf8 31. Rc2 Rf5 32. Ne4 b5 33. Nd6 Rcf8 34. Nxf5
Rxf5 35. Rf2 Rxf2+ 36. Bxf2 a6 37. Qd4 Nf8 38. Be3 Bg7 39. Bf4 Kh8 40. Kf2 Qc7
41. Qc5 Qf7 42. Rd8 Qf5 43. Ke3 Kg8 44. a4 bxa4 45. Qxc4 Bxe5 46. Rxf8+ Kxf8
47. Qc5+ Kf7 48. Bxe5 a3 49. Qc7+ Ke8 50. Qc6+ Kf7 51. Qd7+ Kf8 52. Qg7+ Ke8
53. Bf6 Qxf6 54. Qxf6 1-0

[Event "IV Torneo B"]
[Site "Assisi ITA"]
[Date "2008.12.23"]
[Round "7"]
[White "Colabrese, Cary"]
[Black "Verdi, Enea"]
[Result "0-1"]
[WhiteElo "1598"]
[BlackElo "1410"]
[PlyCount "32"]
[EventDate "2008.12.20"]

1. d4 d5 2. c4 c6 3. cxd5 cxd5 4. Nc3 Nf6 5. Bf4 e6 6. e3 a6 7. Bd3 Bd6 8. Nge2
b5 9. O-O O-O 10. Bxd6 Qxd6 11. f4 Nc6 12. Kh1 Ng4 13. Qd2 f5 14. h3 Nf6 15.
Ng1 Ne4 16. Kh2 Nxd2 0-1

[Event "IV Torneo B"]
[Site "Assisi ITA"]
[Date "2008.12.23"]
[Round "7"]
[White "Ferri, Fabio"]
[Black "Bertolini, Ettore"]
[Result "0-1"]
[WhiteElo "1845"]
[BlackElo "1890"]
[PlyCount "100"]
[EventDate "2008.12.20"]

1. e4 c5 2. Nf3 d6 3. d4 cxd4 4. Nxd4 Nf6 5. Nc3 a6 6. Be2 e6 7. O-O Be7 8. Be3
b5 9. a3 Bb7 10. f3 Qc7 11. Qd2 Nbd7 12. g4 h6 13. Bf2 Ne5 14. h4 d5 15. Bg3
dxe4 16. Nxe4 Bxe4 17. fxe4 Nxe4 18. Qf4 Nxg3 19. Qxg3 Bd6 20. Qg2 Rd8 21. Kh1
O-O 22. g5 hxg5 23. Qxg5 Qe7 24. Nf3 Qxg5 25. Nxg5 Be7 26. Rg1 Rd2 27. Bh5 g6
28. Rae1 Bd6 29. Ne4 Rxc2 30. Nxd6 Rd8 31. Rxe5 Rxd6 32. Re2 Rxe2 33. Bxe2 Rd2
34. Rg2 Rxb2 35. a4 Kf8 36. axb5 axb5 37. Kg1 b4 38. Bd3 Rxg2+ 39. Kxg2 b3 40.
Kf2 Kg7 41. Ke2 Kh6 42. Kd2 Kh5 43. Kc3 Kxh4 44. Kxb3 g5 45. Kc3 g4 46. Kd2 f5
47. Ke3 Kh3 48. Kf2 Kh2 49. Bf1 g3+ 50. Kf3 e5 0-1

[Event "IV Torneo B"]
[Site "Assisi ITA"]
[Date "2008.12.23"]
[Round "7"]
[White "Giri, Giovanni"]
[Black "Tortolini, Francesco"]
[Result "0-1"]
[WhiteElo "1836"]
[BlackElo "1917"]
[PlyCount "70"]
[EventDate "2008.12.20"]

1. e4 d5 2. exd5 Qxd5 3. Nc3 Qa5 4. d4 Nf6 5. Nf3 Bg4 6. h3 Bh5 7. g4 Bg6 8.
Bd2 c6 9. Ne5 Nbd7 10. Nxd7 Nxd7 11. Bg2 e6 12. Qe2 O-O-O 13. O-O-O Nb6 14. h4
h5 15. Bg5 Bb4 16. Bxd8 Rxd8 17. Rh3 hxg4 18. Re3 Bd6 19. Rxe6 fxe6 20. Qxe6+
Kb8 21. Qxg6 Nc4 22. Qf7 Qb4 23. Rd3 Rf8 24. Qd7 Bf4+ 25. Kd1 Nxb2+ 26. Ke2
Nxd3 27. Kxd3 Bh6 28. Ne4 Qb5+ 29. c4 Qf5 30. Qd6+ Ka8 31. Kc3 Qa5+ 32. Kd3 Rd8
33. Qe7 Bf4 34. Nc5 Qd2+ 35. Ke4 Qe2+ 0-1

[Event "IV Torneo B"]
[Site "Assisi ITA"]
[Date "2008.12.23"]
[Round "7"]
[White "Marcugini, Stefano"]
[Black "Parrini, Fabio"]
[Result "1-0"]
[WhiteElo "1931"]
[BlackElo "1900"]
[PlyCount "79"]
[EventDate "2008.12.20"]

1. e4 e5 2. Nf3 Nc6 3. Bb5 d6 4. d4 Bd7 5. O-O Nf6 6. Bg5 Be7 7. Nc3 h6 8. Bxf6
Bxf6 9. Nd5 a6 10. Nxf6+ Qxf6 11. dxe5 Nxe5 12. Bxd7+ Nxd7 13. Qd4 O-O 14. Rad1
Rae8 15. Rfe1 Qg6 16. c3 Nc5 17. e5 Ne6 18. Qa7 Nf4 19. g3 Nd3 20. Re3 Nxb2 21.
Rd5 Nc4 22. Re1 c6 23. Rd4 Nxe5 24. Nxe5 Rxe5 25. Red1 d5 26. Qxb7 Qc2 27. Qb3
Re2 28. Qxc2 Rxc2 29. R1d2 Rxc3 30. Ra4 Ra8 31. Rb2 a5 32. Rb7 Rc2 33. Rf4 f6
34. Rg4 g5 35. Ra4 Re8 36. Rxa5 Kf8 37. Raa7 Rce2 38. Rh7 Kg8 39. Rhg7+ Kf8 40.
Raf7# 1-0

[Event "IV Torneo B"]
[Site "Assisi ITA"]
[Date "2008.12.23"]
[Round "7"]
[White "Minelli, Francesco"]
[Black "Mazza, Daniele"]
[Result "0-1"]
[WhiteElo "1873"]
[BlackElo "1765"]
[PlyCount "58"]
[EventDate "2008.12.20"]

1. e4 Nf6 2. e5 Nd5 3. d4 d6 4. c4 Nb6 5. Nf3 Bf5 6. Nc3 e6 7. Be2 dxe5 8. Nxe5
N8d7 9. Be3 Be7 10. O-O Nxe5 11. dxe5 c6 12. Qb3 Qc7 13. f4 O-O 14. Bxb6 axb6
15. Na4 h6 16. Kh1 Ra6 17. c5 b5 18. Nc3 Bxc5 19. Rac1 Be3 20. Nxb5 Qb6 21. Nd6
Bxc1 22. Bxa6 Qxb3 23. axb3 Bxb2 24. Bxb7 Rb8 25. Rf3 c5 26. Rf2 Bd4 27. Ra2
Bb1 28. Ra5 Be3 29. g3 Rxb7 0-1

[Event "IV Torneo B"]
[Site "Assisi ITA"]
[Date "2008.12.23"]
[Round "7"]
[White "Perogio, Lorenzo"]
[Black "Vannelli, Vittorio"]
[Result "1-0"]
[WhiteElo "1857"]
[BlackElo "1884"]
[PlyCount "97"]
[EventDate "2008.12.20"]

1. e4 e5 2. Nf3 Nc6 3. d4 d6 4. dxe5 Nxe5 5. Nxe5 dxe5 6. Qxd8+ Kxd8 7. Bc4 f6
8. O-O c6 9. Be3 g5 10. a4 Ne7 11. b4 Ng6 12. c3 Nf4 13. g3 Be6 14. gxf4 Bxc4
15. Rd1+ Kc7 16. f5 Bb3 17. Rd2 Be7 18. Rb2 Bf7 19. Nd2 Rhd8 20. Kf1 Rd3 21.
Rc1 h5 22. a5 g4 23. Ke2 Rdd8 24. c4 b6 25. c5 bxc5 26. bxc5 Rab8 27. Rcb1 Rxb2
28. Rxb2 Rb8 29. Rxb8 Kxb8 30. a6 Bd8 31. f3 gxf3+ 32. Kxf3 Ba5 33. Ke2 Bc3 34.
Bh6 Bd4 35. Bg7 Bxc5 36. Bxf6 Bd4 37. Kd3 Ba2 38. Bg7 Kc7 39. Kc2 Kd7 40. Nf3
Kd6 41. Nxd4 exd4 42. Bxd4 c5 43. Bc3 Bc4 44. Kd2 Bxa6 45. Ke3 Bc4 46. Kf4 Ke7
47. Kg5 Kf7 48. e5 Bd5 49. Kxh5 1-0

[Event "IV Torneo B"]
[Site "Assisi ITA"]
[Date "2008.12.23"]
[Round "7"]
[White "Serafini, Gino"]
[Black "Bassini, Massimo"]
[Result "1-0"]
[WhiteElo "1863"]
[BlackElo "1545"]
[PlyCount "68"]
[EventDate "2008.12.20"]

1. d4 Nf6 2. Bf4 e6 3. Nf3 d5 4. Nbd2 c5 5. e3 cxd4 6. exd4 Nc6 7. c3 Bd6 8.
Ne5 a6 9. h3 O-O 10. Bh2 Nd7 11. f4 f6 12. Nef3 e5 13. Qb3 Qa5 14. f5 Nb6 15.
g4 Qa4 16. Qxb6 Re8 17. Kf2 Qc2 18. Qb3 Qxb3 19. axb3 Bd7 20. dxe5 fxe5 21. Ng5
Bc5+ 22. Ke2 e4 23. Bg2 h6 24. Ne6 Bxe6 25. fxe6 Rxe6 26. Rhf1 Ne5 27. Bxe5
Rxe5 28. b4 Bb6 29. Nb3 Rd8 30. Rad1 Rf8 31. Rxf8+ Kxf8 32. Nd4 g6 33. h4 Kg7
34. Nb3 Re7 1-0

[Event "IV Torneo B"]
[Site "Assisi ITA"]
[Date "2008.12.23"]
[Round "7"]
[White "Seravelli, Paolo"]
[Black "Marinucci, Johnny"]
[Result "1/2-1/2"]
[WhiteElo "1810"]
[BlackElo "1746"]
[PlyCount "63"]
[EventDate "2008.12.20"]

1. e4 Nf6 2. Nc3 d5 3. exd5 Nxd5 4. Nxd5 Qxd5 5. d4 Nc6 6. Nf3 Bg4 7. Be2 O-O-O
8. c3 e5 9. O-O exd4 10. Qa4 Bc5 11. Rd1 Qe6 12. Bc4 Qf5 13. Bd3 Qh5 14. Qb5 a6
15. Qa4 Bxf3 16. gxf3 Qxf3 17. Bg5 Qg4+ 18. Kh1 Qxg5 19. Bxa6 Nb8 20. Bxb7+
Kxb7 21. Qb5+ Kc8 22. cxd4 Qd5+ 23. Kg1 Bxd4 24. Qb4 Qg5+ 25. Kf1 Qf6 26. Rd2
Bb6 27. Qg4+ Qe6 28. Rxd8+ Rxd8 29. Qxg7 Qf5 30. Qg3 Rd2 31. f4 Qxf4+ 32. Qxf4
1/2-1/2

[Event "IV Torneo B"]
[Site "Assisi ITA"]
[Date "2008.12.23"]
[Round "7"]
[White "Sorbelli, Massimo"]
[Black "Balducci, Alessandro"]
[Result "1-0"]
[WhiteElo "1929"]
[BlackElo "1828"]
[PlyCount "77"]
[EventDate "2008.12.20"]

1. d4 Nf6 2. c4 g6 3. Nc3 d5 4. cxd5 Nxd5 5. e4 Nxc3 6. bxc3 Bg7 7. Be3 c5 8.
Bc4 Nc6 9. Ne2 O-O 10. h4 cxd4 11. cxd4 h5 12. Rb1 Na5 13. Bd3 Bd7 14. Kf1 Rc8
15. f3 Qc7 16. d5 b6 17. Ba6 Rb8 18. Rc1 Qd6 19. Qd2 Nb7 20. Bf4 Be5 21. Bxe5
Qxe5 22. Qd4 Qd6 23. Bxb7 Rxb7 24. Qb2 f5 25. exf5 Bxf5 26. Qd2 Rd7 27. Nf4 e5
28. Nh3 Qxd5 29. Qxd5+ Rxd5 30. Ng5 Rfd8 31. Re1 Rd1 32. Kf2 R8d2+ 33. Kg3 Rxe1
34. Rxe1 Rd5 35. Kf2 Kg7 36. Rc1 Rd2+ 37. Kg3 Rxa2 38. Rc7+ Kf6 39. Rf7# 1-0

[Event "IV Torneo B"]
[Site "Assisi ITA"]
[Date "2008.12.23"]
[Round "7"]
[White "Vitali, Roberto"]
[Black "Cicioni, Luigi"]
[Result "0-1"]
[WhiteElo "1535"]
[BlackElo "1673"]
[PlyCount "106"]
[EventDate "2008.12.20"]

1. b4 e5 2. Bb2 d6 3. c4 Nf6 4. e3 a5 5. a3 axb4 6. axb4 Rxa1 7. Bxa1 Na6 8. b5
Nc5 9. d4 exd4 10. Bxd4 b6 11. Be2 Bb7 12. Bf3 Nfe4 13. Nh3 Be7 14. O-O Bf6 15.
Nd2 Nxd2 16. Bxb7 Nxf1 17. Bc6+ Nd7 18. Kxf1 Bxd4 19. Qxd4 O-O 20. Nf4 Ne5 21.
Be4 Qg5 22. Nd5 f5 23. Bc2 Ng4 24. Ke2 Nxh2 25. Nxc7 Qxg2 26. Qd5+ Qxd5 27.
Nxd5 g5 28. Ne7+ Kg7 29. Nxf5+ Kf6 30. f3 Ke5 31. Nd4 h5 32. Be4 g4 33. Nc6+
Ke6 34. Bd5+ Kf6 35. Nd4 gxf3+ 36. Nxf3 Nxf3 37. Kxf3 Kg5+ 38. Kg2 Re8 39. Kf3
Rf8+ 40. Kg2 Rc8 41. Kf3 Rf8+ 42. Kg2 Kh4 43. Bf3 Rg8+ 44. Kf2 Rg5 45. Bg2 Rf5+
46. Kg1 Kg3 47. e4 Rf2 48. Bf1 h4 49. Bh3 Re2 50. c5 dxc5 51. e5 Kxh3 52. e6
Kg3 53. Kf1 Rxe6 0-1

[Event "IV Torneo A"]
[Site "Assisi ITA"]
[Date "2008.12.18"]
[Round "1"]
[White "Bighiu, Gheorghe"]
[Black "Aleksic, Nenad"]
[Result "0-1"]
[WhiteElo "2026"]
[BlackElo "2376"]
[PlyCount "49"]
[EventDate "2008.12.18"]

1. e4 c5 2. c3 b6 3. d4 Bb7 4. d5 Nf6 5. Qf3 e6 6. c4 exd5 7. exd5 d6 8. Bd3
Nbd7 9. Qe2+ Be7 10. f4 O-O 11. Nf3 b5 12. b3 bxc4 13. bxc4 Nxd5 14. cxd5 Bf6
15. O-O Bxa1 16. g4 g6 17. Qc2 c4 18. Be4 Bg7 19. f5 Nf6 20. fxg6 hxg6 21. Bg5
Qb6+ 22. Kh1 Nxe4 23. Qxe4 Qc5 24. Rd1 Rfe8 25. Qf4 0-1

[Event "IV Torneo A"]
[Site "Assisi ITA"]
[Date "2008.12.18"]
[Round "1"]
[White "Calandri, Fausto"]
[Black "Vuelban, Virgilio"]
[Result "1/2-1/2"]
[WhiteElo "2130"]
[BlackElo "2390"]
[PlyCount "145"]
[EventDate "2008.12.18"]

1. e4 c5 2. Nf3 d6 3. d4 cxd4 4. Nxd4 Nf6 5. Nc3 Nc6 6. f3 e5 7. Nb3 Be7 8. Be3
O-O 9. Qd2 Be6 10. O-O-O a6 11. Kb1 Nb8 12. g4 Nbd7 13. h4 Nb6 14. g5 Nh5 15.
Qf2 Nc4 16. Bxc4 Bxc4 17. Nd5 Bxd5 18. Rxd5 f5 19. Qg2 a5 20. Nd2 Qc7 21. c4
fxe4 22. fxe4 Nf4 23. Bxf4 Rxf4 24. h5 b6 25. g6 h6 26. Rf1 Rxf1+ 27. Qxf1 Rf8
28. Qh3 Qc8 29. Qxc8 Rxc8 30. b3 Kf8 31. Rd3 Ke8 32. Rf3 Bg5 33. Kc2 Bf4 34.
Kd3 Ke7 35. Rh3 Bxd2 36. Kxd2 Rf8 37. Ke3 Rf1 38. Rf3 Re1+ 39. Kd3 Rh1 40. Rf5
Ke6 41. Ke3 Rh3+ 42. Ke2 Rh2+ 43. Kd3 Rxa2 44. Rf7 Rb2 45. Kc3 Rh2 46. Rxg7
Rxh5 47. Rb7 Rg5 48. g7 h5 49. Rxb6 Rxg7 50. Ra6 h4 51. c5 Rd7 52. cxd6 Rxd6
53. Rxa5 Rd4 54. Ra6+ Kd7 55. Rh6 Rxe4 56. b4 Rg4 57. b5 Kc7 58. Kd3 Kb7 59.
Ke3 Rb4 60. Ke2 Rb2+ 61. Ke1 Rb3 62. Rxh4 Rxb5 63. Rc4 Kb6 64. Ke2 Rb1 65. Rc8
Ra1 66. Ke3 Ra3+ 67. Kd2 Ra4 68. Kd3 Rd4+ 69. Ke3 Kb5 70. Re8 Rd5 71. Ke4 Rd1
72. Rxe5+ Kc4 73. Kf4 1/2-1/2

[Event "IV Torneo A"]
[Site "Assisi ITA"]
[Date "2008.12.18"]
[Round "1"]
[White "Caruso, Augusto"]
[Black "Di Lascio, Savino"]
[Result "1-0"]
[WhiteElo "2250"]
[BlackElo "1953"]
[PlyCount "51"]
[EventDate "2008.12.18"]

1. Nc3 d5 2. d4 g6 3. Bg5 Bg7 4. Qd2 Nc6 5. e4 Nxd4 6. exd5 Bf5 7. O-O-O Bxc2
8. Be3 Bxd1 9. Bxd4 e5 10. Bb5+ Kf8 11. Bc5+ Ne7 12. Qxd1 c6 13. dxc6 Bh6+ 14.
Kc2 Qxd1+ 15. Kxd1 Rd8+ 16. Kc2 bxc6 17. Bc4 Rd7 18. Nf3 f6 19. Be6 Rd8 20. Ne4
f5 21. Nd6 e4 22. Ne5 Kg7 23. Nef7 Bf4 24. Bd4+ Kf8 25. Nxd8 Bxd6 26. Bxh8 1-0

[Event "IV Torneo A"]
[Site "Assisi ITA"]
[Date "2008.12.18"]
[Round "1"]
[White "Corvi, Marco"]
[Black "Gambardella, Piero"]
[Result "1-0"]
[WhiteElo "2343"]
[BlackElo "2021"]
[PlyCount "41"]
[EventDate "2008.12.18"]

1. c4 Nf6 2. Nc3 e6 3. e4 d5 4. e5 d4 5. exf6 dxc3 6. bxc3 Qxf6 7. Nf3 c5 8.
Be2 Nc6 9. O-O e5 10. d4 e4 11. Ng5 cxd4 12. Nxe4 Qd8 13. Bg5 Be7 14. Bxe7 Qxe7
15. Bf3 Be6 16. cxd4 Bxc4 17. Re1 O-O 18. Nd2 Qf6 19. Nxc4 Nxd4 20. Ne3 Rad8
21. Nd5 1-0

[Event "IV Torneo A"]
[Site "Assisi ITA"]
[Date "2008.12.18"]
[Round "1"]
[White "Cuppone, Damiano"]
[Black "Quimi, Marco"]
[Result "0-1"]
[WhiteElo "1953"]
[BlackElo "2239"]
[PlyCount "68"]
[EventDate "2008.12.18"]

1. d4 Nf6 2. c4 c5 3. d5 b5 4. cxb5 a6 5. b6 Qxb6 6. Nc3 g6 7. Nf3 Bg7 8. e4 d6
9. Be2 O-O 10. Nd2 Nbd7 11. Nc4 Qc7 12. a4 Nb6 13. Na3 a5 14. Nab5 Qb8 15. O-O
Bd7 16. Qc2 Ne8 17. Bg5 f6 18. Bd2 Nc7 19. Rae1 Na6 20. b3 Nb4 21. Qd1 Qc8 22.
h3 c4 23. Be3 Qb7 24. bxc4 Rac8 25. c5 dxc5 26. d6 e6 27. e5 fxe5 28. Bf3 Bc6
29. Bxc6 Qxc6 30. Na7 Qd7 31. Nxc8 Rxc8 32. Ne4 Nxa4 33. Qd2 c4 34. Rc1 Qc6 0-1

[Event "IV Torneo A"]
[Site "Assisi ITA"]
[Date "2008.12.18"]
[Round "1"]
[White "Trasciatti, Mirko"]
[Black "Tocchioni, Doriano"]
[Result "0-1"]
[WhiteElo "1963"]
[BlackElo "2259"]
[PlyCount "126"]
[EventDate "2008.12.18"]

1. f4 e5 2. d3 Nc6 3. Nf3 Bd6 4. f5 e4 5. dxe4 Qe7 6. Nc3 h6 7. Be3 Nf6 8. a3
Nxe4 9. Nxe4 Qxe4 10. Qd3 Qa4 11. O-O-O O-O 12. g4 Re8 13. Bd4 b5 14. Qb3 Bf4+
15. Kb1 Qxb3 16. cxb3 b4 17. a4 Na5 18. Ka2 d6 19. Bg2 c5 20. e3 Bxe3 21. Bxe3
Rxe3 22. Rhe1 Rxe1 23. Nxe1 Nb7 24. Rxd6 Nxd6 25. Bxa8 h5 26. h3 hxg4 27. hxg4
Kh7 28. Nd3 Bb7 29. Bxb7 Nxb7 30. Ne5 f6 31. Nf3 Nd6 32. Kb1 Kg8 33. Kc2 Kf7
34. Kd3 Ke7 35. Nd2 Kd7 36. Nc4 Nf7 37. Ke4 Kc6 38. Na5+ Kc7 39. Nc4 Nh6 40.
Kf4 Kc6 41. Ne3 Nf7 42. Ke4 Ng5+ 43. Kf4 Nf7 44. Ke4 Nd6+ 45. Kd3 Nb7 46. Ng2
Na5 47. Nf4 Nxb3 48. Ne6 Kd5 49. Nxg7 c4+ 50. Ke3 Nc5 51. Ne8 Ke5 52. a5 Na4
53. Nc7 Nxb2 54. Nb5 c3 55. Nxa7 Nc4+ 56. Kd3 Nxa5 57. Nb5 Nc6 58. Nc7 Nd4 59.
g5 c2 60. Kd2 b3 61. gxf6 b2 62. f7 c1=Q+ 63. Kd3 b1=B# 0-1

[Event "IV Torneo A"]
[Site "Assisi ITA"]
[Date "2008.12.18"]
[Round "1"]
[White "Vocaturo, Daniele"]
[Black "Procacci, Sergio"]
[Result "1-0"]
[WhiteElo "2383"]
[BlackElo "2052"]
[PlyCount "103"]
[EventDate "2008.12.18"]

1. e4 d6 2. d4 Nf6 3. Nc3 g6 4. Be3 c6 5. Qd2 Qa5 6. h3 Nbd7 7. Nf3 b5 8. Bd3
b4 9. Ne2 c5 10. Ng3 Bb7 11. d5 Ba6 12. O-O Bxd3 13. Qxd3 Qc7 14. Nd2 Nb6 15.
a3 bxa3 16. Rxa3 Bg7 17. c4 Nfd7 18. Ra2 O-O 19. f4 a5 20. Ne2 Nb8 21. Nc3 Na6
22. Ra3 Nb4 23. Qb1 Qd7 24. e5 Rfc8 25. Nce4 f5 26. exf6 exf6 27. f5 g5 28. Bf2
Rd8 29. Bg3 Nc8 30. Qd1 Qf7 31. Nb1 Bf8 32. Re3 Nb6 33. Na3 Ra6 34. Rfe1 Nd7
35. Bxd6 Rxd6 36. Nxd6 Bxd6 37. Re6 Be5 38. Qd2 Kh8 39. Nb5 Nf8 40. Rb6 Kg7 41.
Rxe5 Nd7 42. Nd6 Qf8 43. Rb7 Qxd6 44. Re6 Qf8 45. Qe2 Kf7 46. Rc7 Kg8 47. Rxd7
Rxd7 48. Re8 Kf7 49. Rxf8+ Kxf8 50. Qe3 Rf7 51. d6 Kg7 52. Qe8 1-0

[Event "IV Torneo A"]
[Site "Assisi ITA"]
[Date "2008.12.19"]
[Round "2"]
[White "Aleksic, Nenad"]
[Black "Corvi, Marco"]
[Result "1/2-1/2"]
[WhiteElo "2376"]
[BlackElo "2343"]
[PlyCount "21"]
[EventDate "2008.12.18"]

1. e4 Nf6 2. d3 e5 3. Nf3 Nc6 4. c3 Be7 5. Be2 O-O 6. O-O d5 7. Nbd2 Re8 8. Qc2
Bf8 9. b3 Bg4 10. Bb2 dxe4 11. dxe4 1/2-1/2

[Event "IV Torneo A"]
[Site "Assisi ITA"]
[Date "2008.12.19"]
[Round "2"]
[White "De Filomeno, Simone"]
[Black "Diekmann, Hans-Joachim"]
[Result "1-0"]
[WhiteElo "2147"]
[BlackElo "2199"]
[PlyCount "35"]
[EventDate "2008.12.18"]

1. e4 c5 2. Nf3 e6 3. d4 cxd4 4. Nxd4 a6 5. Nc3 Ne7 6. g3 Ng6 7. Nde2 Bc5 8.
Bg2 b5 9. O-O O-O 10. e5 d5 11. exd6 Bxd6 12. Be3 Bb7 13. Ne4 Be7 14. Bc5 Bxc5
15. Nxc5 Qb6 16. Nxb7 Qxb7 17. Qd6 Rd8 18. Qd7 1-0

[Event "IV Torneo A"]
[Site "Assisi ITA"]
[Date "2008.12.19"]
[Round "2"]
[White "Di Lascio, Savino"]
[Black "Bighiu, Gheorghe"]
[Result "0-1"]
[WhiteElo "1953"]
[BlackElo "2026"]
[PlyCount "68"]
[EventDate "2008.12.18"]

1. e4 e5 2. Nf3 Nf6 3. d3 c6 4. Nbd2 d6 5. c3 Be7 6. g3 Bg4 7. Bg2 Nbd7 8. O-O
O-O 9. Re1 Ne8 10. h3 Bh5 11. Nf1 Bxf3 12. Bxf3 Kh8 13. Ne3 g6 14. Bg4 Ng7 15.
h4 f5 16. exf5 gxf5 17. Bf3 Ne6 18. Ng2 Rg8 19. Kh2 d5 20. b4 Bd6 21. Bh5 Qf6
22. a4 e4 23. Ra2 f4 24. dxe4 fxg3+ 25. Kg1 Nf4 26. Bxf4 Bxf4 27. Qf3 Raf8 28.
Kf1 Ne5 29. Qxf4 Qxf4 30. Nxf4 Rxf4 31. exd5 g2+ 32. Kg1 Rxh4 33. f4 Rh1+ 34.
Kf2 Nd3+ 0-1

[Event "IV Torneo A"]
[Site "Assisi ITA"]
[Date "2008.12.19"]
[Round "2"]
[White "Marsili, Riccardo"]
[Black "Calandri, Fausto"]
[Result "0-1"]
[WhiteElo "1859"]
[BlackElo "2130"]
[PlyCount "124"]
[EventDate "2008.12.18"]

1. e4 d5 2. exd5 Qxd5 3. Nc3 Qa5 4. d4 Nf6 5. Nf3 Nc6 6. Bc4 Bg4 7. Bb5 O-O-O
8. Bxc6 bxc6 9. O-O e5 10. Qd3 Bxf3 11. Qxf3 exd4 12. Ne2 Qd5 13. Qd3 Qb5 14.
Rd1 Qxd3 15. cxd3 Rd5 16. Bf4 Bd6 17. Rac1 Re8 18. Bxd6 Rxe2 19. Ba3 Kb7 20.
Kf1 Re6 21. Rc4 Nd7 22. Rdc1 a5 23. b3 Kb6 24. g3 c5 25. R4c2 f5 26. Kg2 g5 27.
Rd1 Nb8 28. Bc1 g4 29. Bf4 Na6 30. a3 Rd8 31. Rdc1 Rde8 32. Kf1 Kb7 33. Bd2 Rb6
34. Rb2 a4 35. b4 cxb4 36. axb4 Re5 37. Ra1 Reb5 38. Rxa4 c5 39. Ra3 cxb4 40.
Rab3 Nc5 41. Rxb4 Rxb4 42. Rxb4 Rxb4 43. Bxb4 Nxd3 44. Bd2 Kc6 45. Ke2 Ne5 46.
Bh6 Kd5 47. Bg7 Ke4 48. Bf6 Nf3 49. Bg7 Nxh2 50. Bh6 Nf3 51. Bf4 h5 52. Bh6 h4
53. gxh4 Nxh4 54. Bg5 Nf3 55. Bd8 Ne5 56. Ba5 d3+ 57. Kd1 Nc4 58. Bb4 Kf3 59.
Bc5 f4 60. Bd4 Kg2 61. Ke1 g3 62. fxg3 fxg3 0-1